000 00368nam a2200133Ia 4500
008 230411s9999 xx 000 0 und d
041 _aeng
082 _aAD/353.69/SAX/B07651
100 _aSaxena Manisha
_9179686
245 _aHospital Management Volume 1
260 _bCBS Publishers & Distributors
_aNew Delhi
_c2013
300 _a240p
999 _c157750
_d157750